| 000 | 00514nam a22001937a 4500 | ||
|---|---|---|---|
| 003 | CEME | ||
| 005 | 20210628203948.0 | ||
| 008 | 210309b xxu||||| |||| 00| 0 eng d | ||
| 020 | _a0-8273-4157-1 | ||
| 040 | _c. | ||
| 082 | _a621.31913 DUF'A | ||
| 100 |
_aHerman, S. L , Duff, John R _968044 |
||
| 245 | _aAlternating current fundamentals | ||
| 250 | _a4TH | ||
| 260 |
_aNEWYORK _bDELMAR _c1991 |
||
| 300 | _a714P | ||
| 650 |
_aELECTRIC CURRENT ALTERNATING ELECTRIC ENGINEERING _968045 |
||
| 942 |
_cBK _2ddc |
||
| 999 |
_c575705 _d575705 |
||